[Event "GRE CupT final 37th"]
[Site "Patras"]
[Date "2019.06.30"]
[Round "1.2"]
[White "Pavlis, Antonios"]
[Black "Kouskoutis, Georgios Alexandros"]
[Result "0-1"]
[WhiteElo "1703"]
[BlackElo "2256"]
[PlyCount "72"]
[EventDate "2019.06.30"]
[EventType "team-k.o."]
[EventRounds "3"]
[EventCountry "GRE"]
[SourceTitle "CBM 191 Extra"]
[Source "ChessBase"]
[SourceDate "2019.09.30"]
[SourceVersion "1"]
[SourceVersionDate "2019.09.30"]
[SourceQuality "1"]
[WhiteTeam "ASOP DIas"]
[BlackTeam "Eoac Fysiolatris"]
[WhiteTeamCountry "GRE"]
[BlackTeamCountry "GRE"]

1. d4 Nf6 2. Nf3 d5 3. Bf4 c5 4. e3 Nc6 5. Bb5 Qb6 6. Bxc6+ bxc6 7. 0-0 Bg4 8. dxc5 Qxc5 9. Na3 Nd7 10. h3 Bxf3 11. Qxf3 g6 12. c4 Bg7 13. Qe2 e5 14. Bg3 0-0 15. Rfd1 d4 16. Nc2 Nb6 17. b3 a5 18. e4 a4 19. Ne1 Qa3 20. Rab1 axb3 21. axb3 Nd7 22. b4 Nb6 23. Ra1 Qxb4 24. Rdb1 Qxc4 25. Nd3 Na4 26. Qd2 Nc3 27. Rxa8 Rxa8 28. Rb7 Nxe4 29. Qd1 Nxg3 30. fxg3 e4 31. Nb2 Qd5 32. Na4 d3 33. Nb6 Bd4+ 34. Kh2 Bxb6 35. Rxb6 e3 36. Qc1 d2 0-1

[Event "Aegean op 39th"]
[Site "Aghios Kirykos"]
[Date "2016.07.12"]
[Round "2"]
[White "Pavlis, Antonios"]
[Black "Pel, Bonno"]
[Result "0-1"]
[WhiteElo "1869"]
[BlackElo "2285"]
[PlyCount "80"]
[EventDate "2016.07.11"]
[EventType "swiss"]
[EventRounds "9"]
[EventCountry "GRE"]
[SourceTitle "CBM 173 Extra"]
[Source "ChessBase"]
[SourceDate "2016.08.29"]
[SourceVersion "1"]
[SourceVersionDate "2016.08.29"]
[SourceQuality "1"]

1. d4 d6 2. Bf4 g6 3. h3 Bg7 4. Nf3 f5 5. e3 Nf6 6. Bc4 e6 7. c3 Qe7 8. Nbd2 Nc6 9. Qc2 Bd7 10. a4 0-0 11. 0-0 Kh8 12. Rfd1 h6 13. Be2 g5 14. Bh2 Qf7 15. Nc4 g4 16. hxg4 Nxg4 17. Bg3 Rg8 18. Nh2 Nf6 19. Bf3 Qg6 20. d5 exd5 21. Bxd5 Nxd5 22. Rxd5 Be6 23. Rad1 Bxd5 24. Rxd5 Ne7 25. Rb5 b6 26. Nf3 a6 27. Nh4 Qe6 28. Rxf5 Nxf5 29. Nxf5 Qxc4 30. Ne7 Rge8 31. Ng6+ Kg8 32. Bf4 Qe4 33. Qb3+ Kh7 34. Nh4 Rf8 35. f3 Qb1+ 36. Kh2 Rae8 37. Qc4 Re7 38. b4 Bf6 39. Bg3 Rg7 40. Qe6 Rxg3 0-1

[Event "Petroupoli-ch"]
[Site "Petropouli"]
[Date "2014.03.08"]
[Round "7"]
[White "Salahidou, Reveka"]
[Black "Pavlis, Antonios"]
[Result "1-0"]
[WhiteElo "1693"]
[BlackElo "1763"]
[PlyCount "83"]
[EventDate "2014.01.25"]
[EventType "swiss"]
[EventRounds "7"]
[EventCountry "GRE"]
[SourceTitle "EXT 2015"]
[Source "ChessBase"]
[SourceDate "2014.11.20"]
[SourceVersion "1"]
[SourceVersionDate "2014.11.20"]
[SourceQuality "1"]

1. e4 d5 2. exd5 Nf6 3. Nf3 Qxd5 4. Nc3 Qa5 5. Bc4 Bg4 6. 0-0 e6 7. d3 c6 8. h3 h5 9. Bf4 Qf5 10. Bh2 Nbd7 11. Re1 Bb4 12. Re3 0-0-0 13. Ne2 Nb6 14. Ng3 Bxf3 15. Rxf3 Qh7 16. Bb3 Bc5 17. Qd2 Ng4 18. hxg4 hxg4 19. Rxf7 Qxh2+ 20. Kf1 Bd6 21. Qe3 Rde8 22. Re1 Rh6 23. Nf5 Bf4 24. Ne7+ Rxe7 25. Qxf4 Qxf4 26. Rxf4 Kd7 27. Rxg4 Nd5 28. Ke2 Nf6 29. Ra4 a6 30. Kf3 Ne8 31. Rd4+ Kc7 32. g3 Nd6 33. Re5 Nf5 34. Rde4 Kd6 35. g4 Nd4+ 36. Kg3 c5 37. Re1 Rf6 38. f4 Ref7 39. R1e4 Rxf4 40. Rxf4 Nf5+ 41. gxf5 Kxe5 42. Re4+ 1-0

[Event "Petroupoli op"]
[Site "Petroupoli"]
[Date "2013.09.25"]
[Round "1"]
[White "Hristodoulou, Panagiotis"]
[Black "Pavlis, Antonios"]
[Result "1-0"]
[WhiteElo "2198"]
[BlackElo "1740"]
[PlyCount "55"]
[EventDate "2013.09.25"]
[EventType "swiss"]
[EventRounds "7"]
[EventCountry "GRE"]
[SourceTitle "EXT 2014"]
[Source "ChessBase"]
[SourceDate "2013.11.20"]
[SourceVersion "1"]
[SourceVersionDate "2013.11.20"]
[SourceQuality "1"]

1. e4 d5 2. exd5 Nf6 3. Nf3 Qxd5 4. d4 Bg4 5. Be2 Nc6 6. 0-0 0-0-0 7. Be3 e6 8. h3 h5 9. Nbd2 Bf5 10. c3 Be7 11. b4 Rdg8 12. b5 Nb8 13. Ne5 g5 14. c4 Qd8 15. Nxf7 Qf8 16. Nxh8 Qg7 17. Nf7 Qxf7 18. Nf3 Ne4 19. Ne5 Qf6 20. Bxh5 Bd6 21. Qf3 Bxe5 22. dxe5 Qh6 23. Bg4 Rf8 24. Rfe1 Nd7 25. Bd4 Qh4 26. Rxe4 Bxe4 27. Qxe4 Rf4 28. Qe3 1-0

[Event "Petroupoli ASOP Dias op"]
[Site "Petroupoli"]
[Date "2013.02.20"]
[Round "5.14"]
[White "Pavlis, Antonios"]
[Black "Karousos Theodorakis, Nikolaos"]
[Result "0-1"]
[WhiteElo "1836"]
[BlackElo "1665"]
[PlyCount "76"]
[EventDate "2013.01.23"]
[EventType "swiss"]
[EventRounds "7"]
[EventCountry "GRE"]
[SourceTitle "EXT 2024"]
[Source "ChessBase"]
[SourceDate "2023.10.10"]
[SourceVersion "1"]
[SourceVersionDate "2023.10.10"]
[SourceQuality "1"]

1. e4 c5 2. Nf3 d6 3. d4 cxd4 4. Nxd4 Nf6 5. Nc3 a6 6. Bg5 e6 7. f4 Qb6 8. Qd2 Nc6 9. Nb3 Be7 10. 0-0-0 Bd7 11. e5 Nd5 12. Nxd5 exd5 13. exd6 Bxg5 14. Re1+ Be6 15. d7+ Kxd7 16. fxg5 Rad8 17. Bd3 Kc8 18. Rhf1 g6 19. Qc3 Kb8 20. Nc5 d4 21. Qa3 Bd5 22. Rf6 Qb4 23. Qxb4 Nxb4 24. Kd2 Rhe8 25. Nd7+ Kc7 26. Ne5 Rd6 27. Nxf7 Rxf6 28. Rxe8 Rxf7 29. Be2 Kd7 30. Rh8 Bxg2 31. a3 Nc6 32. h4 Ne5 33. h5 gxh5 34. Bxh5 Rg7 35. Be2 Be4 36. g6 Bxg6 37. b4 Be8 38. Rf8 Nf7 0-1

[Event "Petroupoli ASOP Dias Seniors op"]
[Site "Petroupoli"]
[Date "2013.02.09"]
[Round "4.1"]
[White "Dionisopoulos, Zaharias"]
[Black "Pavlis, Antonios"]
[Result "1-0"]
[WhiteElo "1924"]
[BlackElo "1836"]
[PlyCount "119"]
[EventDate "2013.01.19"]
[EventType "swiss"]
[EventRounds "7"]
[EventCountry "GRE"]
[SourceTitle "EXT 2024"]
[Source "ChessBase"]
[SourceDate "2023.10.10"]
[SourceVersion "1"]
[SourceVersionDate "2023.10.10"]
[SourceQuality "1"]

1. Nf3 Nf6 2. g3 g6 3. Bg2 Bg7 4. 0-0 0-0 5. d3 d5 6. Nbd2 c6 7. e4 dxe4 8. dxe4 Bg4 9. h3 Bxf3 10. Qxf3 Nbd7 11. Nc4 b5 12. Ne3 Qc7 13. Qe2 Nc5 14. Nd1 Rad8 15. Bf4 Qa5 16. a3 Ne6 17. Be3 Nd4 18. Bxd4 Rxd4 19. e5 Nh5 20. c3 Rdd8 21. Qe3 Bh8 22. Bxc6 Qc7 23. Bxb5 Bxe5 24. Be2 Ng7 25. Bf3 Nf5 26. Qe1 Rb8 27. Rb1 Rfd8 28. Bg4 Ng7 29. f4 Bd6 30. Kg2 Bxa3 31. Rf2 Qc4 32. Re2 Bd6 33. Ne3 Qc5 34. Bf3 h5 35. h4 a5 36. Nd5 Nf5 37. Be4 a4 38. Nb4 Rb6 39. Rd1 Rdb8 40. Rd5 Qc8 41. Bxf5 gxf5 42. Red2 a3 43. bxa3 Qxc3 44. R5d3 Bxb4 45. Rxc3 Bxc3 46. Rd8+ Rxd8 47. Qxc3 Rbd6 48. Qe5 Rd2+ 49. Kh3 e6 50. Qf6 Ra8 51. Qg5+ Kf8 52. Qxh5 Rxa3 53. Qh8+ Ke7 54. Qe5 Raa2 55. Qc5+ Kf6 56. Qe5+ Kg6 57. h5+ Kxh5 58. Qh8+ Kg6 59. Qg8+ Kf6 60. Qg5# 1-0

[Event "Petroupoli Master Division "]
[Site "Petroupoli"]
[Date "2012.11.07"]
[Round "1.9"]
[White "Kourkoulos Arditis, Stamatis"]
[Black "Pavlis, Antonios"]
[Result "1-0"]
[WhiteElo "2143"]
[BlackElo "1794"]
[PlyCount "35"]
[EventDate "2012.11.07"]
[EventType "swiss"]
[EventRounds "7"]
[EventCountry "GRE"]
[SourceTitle "EXT 2024"]
[Source "ChessBase"]
[SourceDate "2023.10.10"]
[SourceVersion "1"]
[SourceVersionDate "2023.10.10"]
[SourceQuality "1"]

1. e4 e5 2. Nf3 Nc6 3. Bb5 Nd4 4. Nxd4 exd4 5. d3 c6 6. Bc4 Bc5 7. Bxf7+ Kf8 8. Bb3 Nf6 9. e5 Qe7 10. Qe2 Nd5 11. Qf3+ Ke8 12. Bxd5 Rf8 13. Qh5+ g6 14. Qg5 Bb4+ 15. c3 dxc3 16. bxc3 Qc5 17. 0-0 Bxc3 18. Ba3 1-0

[Event "Petroupoli op 3rd"]
[Site "Petroupoli"]
[Date "2012.03.10"]
[Round "1"]
[White "Katopodis, Dimitrios"]
[Black "Pavlis, Antonios"]
[Result "0-1"]
[WhiteElo "1485"]
[BlackElo "1761"]
[PlyCount "86"]
[EventDate "2012.03.10"]
[EventType "swiss"]
[EventRounds "7"]
[EventCountry "GRE"]
[SourceTitle "CBM 147 Extra"]
[Source "ChessBase"]
[SourceDate "2012.04.24"]
[SourceVersion "1"]
[SourceVersionDate "2012.04.24"]
[SourceQuality "1"]

1. e4 d5 2. exd5 Nf6 3. Nf3 Qxd5 4. Nc3 Qa5 5. d4 Bg4 6. h3 Bh5 7. Be2 Nc6 8. 0-0 0-0-0 9. Be3 e5 10. Nxe5 Nxe5 11. Bxh5 g6 12. Bf3 h5 13. Qe2 Nxf3+ 14. Qxf3 Bg7 15. Rfd1 g5 16. Qe2 c6 17. a3 Rhe8 18. Qc4 Nd5 19. Nxd5 Rxd5 20. c3 Qd8 21. Qe2 f5 22. Qxh5 Bf6 23. Re1 g4 24. c4 Rh8 25. Qxh8 Qxh8 26. cxd5 gxh3 27. gxh3 Qxh3 28. dxc6 Qg4+ 29. Kf1 f4 30. cxb7+ Kxb7 31. Bd2 f3 32. Re7+ Bxe7 33. Be3 Qg2+ 34. Ke1 Qg1+ 35. Kd2 Qxa1 36. Kc2 Qe1 37. Kd3 Bg5 38. Bxg5 Qxf2 39. b4 Qe2+ 40. Kc3 f2 41. d5 Qe5+ 42. Kd2 f1Q 43. Be3 Qb2# 0-1

[Event "Petroupoli ASOP Dias op 2nd"]
[Site "Petroupoli"]
[Date "2012.02.18"]
[Round "3.1"]
[White "Grigoriadis, Mihail"]
[Black "Pavlis, Antonios"]
[Result "1/2-1/2"]
[WhiteElo "1808"]
[BlackElo "1761"]
[PlyCount "69"]
[EventDate "2012.02.11"]
[EventType "swiss"]
[EventRounds "7"]
[EventCountry "GRE"]
[SourceTitle "EXT 2024"]
[Source "ChessBase"]
[SourceDate "2023.10.10"]
[SourceVersion "1"]
[SourceVersionDate "2023.10.10"]
[SourceQuality "1"]

1. c4 e6 2. d4 d5 3. Nc3 c5 4. cxd5 cxd4 5. Qxd4 Nc6 6. Qd1 exd5 7. e3 Be6 8. Nf3 Bb4 9. Bd2 Nf6 10. Bd3 Rc8 11. 0-0 0-0 12. Rc1 d4 13. exd4 Nxd4 14. Nxd4 Qxd4 15. Be3 Qe5 16. Ne2 Ng4 17. Bf4 Qf6 18. h3 Ne5 19. a3 Rxc1 20. Bxc1 Rd8 21. axb4 Nxd3 22. Qd2 Bc4 23. Qc2 Ba6 24. Bd2 Qxb2 25. Qc7 Qf6 26. Bc3 Qd6 27. Qxd6 Rxd6 28. Rd1 f6 29. Ng3 Rc6 30. Bd4 Nxb4 31. Bxa7 Bd3 32. Be3 Kf7 33. Nh5 Be2 34. Rd7+ Ke6 35. Rxb7 1/2-1/2

[Event "Petroupoli op"]
[Site "Petroupoli"]
[Date "2012.01.28"]
[Round "5"]
[White "Kostouros, Alexandros"]
[Black "Pavlis, Antonios"]
[Result "1-0"]
[WhiteElo "2280"]
[BlackElo "1741"]
[PlyCount "106"]
[EventDate "2012.01.14"]
[EventType "swiss"]
[EventRounds "7"]
[EventCountry "GRE"]
[SourceTitle "EXT 2013"]
[Source "ChessBase"]
[SourceDate "2012.11.22"]
[SourceVersion "1"]
[SourceVersionDate "2012.11.22"]
[SourceQuality "1"]

1. e4 d5 2. exd5 Nf6 3. d4 Bg4 4. Be2 Bxe2 5. Nxe2 Qxd5 6. 0-0 Nc6 7. b3 0-0-0 8. c4 Qh5 9. Nbc3 e6 10. Be3 Ng4 11. h3 Nxe3 12. fxe3 g5 13. Ng3 Qg6 14. Qb1 f5 15. d5 Bg7 16. Qc1 Ne7 17. dxe6 Qxe6 18. e4 Rd3 19. Rf3 Rxf3 20. gxf3 f4 21. Nge2 Qxh3 22. Qf1 Qe6 23. Rd1 Rg8 24. Qf2 Nc6 25. Nb5 Kb8 26. Rd5 g4 27. Nxf4 Qh6 28. fxg4 Be5 29. Ng2 a6 30. Rxe5 axb5 31. Qf7 Qc1+ 32. Kh2 Rxg4 33. Re8+ Ka7 34. cxb5 Qh6+ 35. Kg1 Qc1+ 36. Qf1 Rxg2+ 37. Kxg2 Qg5+ 38. Kf2 Nd4 39. Qd3 Qc5 40. Qe3 b6 41. Rd8 Qc2+ 42. Kg3 Nxb5 43. Qd3 Qc6 44. e5 Qc5 45. Qe4 Qg1+ 46. Kh3 Qf1+ 47. Kh4 Qf2+ 48. Kg5 Qg3+ 49. Kh6 Qg6+ 50. Qxg6 hxg6 51. Kxg6 Kb7 52. e6 c5 53. e7 Nc7 1-0